[Event "Omsk-ch sf op"]
[Site "Omsk"]
[Date "2007.06.29"]
[Round "10"]
[White "Chagasov, Oleg"]
[Black "Andreev, Pavel"]
[Result "0-1"]
[WhiteElo "1919"]
[BlackElo "2007"]
[PlyCount "44"]
[EventDate "2007.06.17"]
[EventType "swiss"]
[EventRounds "11"]
[EventCountry "RUS"]
[SourceTitle "EXT 2022"]
[Source "ChessBase"]
[SourceDate "2021.10.06"]
[SourceVersion "1"]
[SourceVersionDate "2021.10.06"]
[SourceQuality "1"]

1. d4 Nf6 2. Bg5 g6 3. Bxf6 exf6 4. e4 Bg7 5. Bc4 0-0 6. Nd2 Re8 7. Ne2 d6 8. c3 f5 9. exf5 Bxf5 10. Qb3 d5 11. Qxb7 dxc4 12. Qxa8 Bd3 13. 0-0-0 Rxe2 14. f4 Qe8 15. Qxa7 Nc6 16. Qa4 Qe6 17. g3 Ne7 18. Qe8+ Bf8 19. a4 Qe3 20. a5 Be4 21. Rhf1 Qd3 22. Qa4 Rxd2 0-1

[Event "Omsk-ch sf op"]
[Site "Omsk"]
[Date "2007.06.23"]
[Round "6"]
[White "Andreev, Pavel"]
[Black "Krivoshapko, Alexander"]
[Result "0-1"]
[WhiteElo "2007"]
[BlackElo "2104"]
[PlyCount "53"]
[EventDate "2007.06.17"]
[EventType "swiss"]
[EventRounds "11"]
[EventCountry "RUS"]
[SourceTitle "EXT 2022"]
[Source "ChessBase"]
[SourceDate "2021.10.06"]
[SourceVersion "1"]
[SourceVersionDate "2021.10.06"]
[SourceQuality "1"]

1. c4 e5 2. Nc3 Nf6 3. g3 d5 4. cxd5 Nxd5 5. Bg2 Nb6 6. Nf3 Nc6 7. 0-0 Be7 8. d3 0-0 9. h4 h6 10. a3 Be6 11. b4 a5 12. b5 Nd4 13. Nd2 c6 14. bxc6 Nxc6 15. a4 Nd5 16. Nxd5 Bxd5 17. Bxd5 Qxd5 18. Qb3 Qxb3 19. Nxb3 f5 20. Be3 f4 21. Bb6 f3 22. e3 Bb4 23. Rab1 Rf7 24. Rfc1 Rd7 25. d4 Re8 26. Rc4 exd4 27. exd4 0-1

[Event "Omsk-ch sf op"]
[Site "Omsk"]
[Date "2007.06.21"]
[Round "4"]
[White "Potseluev, Sergey"]
[Black "Andreev, Pavel"]
[Result "1-0"]
[WhiteElo "1982"]
[BlackElo "2007"]
[PlyCount "91"]
[EventDate "2007.06.17"]
[EventType "swiss"]
[EventRounds "11"]
[EventCountry "RUS"]
[SourceTitle "EXT 2022"]
[Source "ChessBase"]
[SourceDate "2021.10.06"]
[SourceVersion "1"]
[SourceVersionDate "2021.10.06"]
[SourceQuality "1"]

1. d4 Nf6 2. c4 g6 3. Nc3 Bg7 4. e4 d6 5. Nf3 0-0 6. Be2 e5 7. 0-0 Nc6 8. d5 Ne7 9. Ne1 Nd7 10. Be3 f5 11. f3 f4 12. Bf2 g5 13. Rc1 Ng6 14. c5 Nf6 15. cxd6 cxd6 16. Nb5 Rf7 17. Nxa7 Bd7 18. Qb3 Be8 19. Bb6 Qe7 20. Bb5 Nd7 21. Rc7 Qd8 22. Bxd7 Rxd7 23. Rc8 Qxc8 24. Nxc8 Rxc8 25. Nd3 Bf8 26. Rc1 Rxc1+ 27. Nxc1 Rg7 28. Qc4 Nh4 29. Qc8 Bd7 30. Qd8 Bb5 31. b3 Kf7 32. a4 Be8 33. Qc8 Be7 34. Nd3 Rg8 35. Nf2 h5 36. Bc7 Rg6 37. Qxb7 Kf8 38. Qc8 Kf7 39. a5 Bb5 40. a6 Be2 41. a7 g4 42. a8Q Nxf3+ 43. Kh1 Ng5 44. Qe8+ Kf6 45. Qh8+ Rg7 46. Qag8 1-0